3 kapitoly o technickém plánování

Salvato in:
Dettagli Bibliografici
Natura: Libro
Lingua:ceco
Pubblicazione: Praha Prometheus 1945
Tags: Aggiungi Tag
Nessun Tag, puoi essere il primo ad aggiungerne!!

MARC

LEADER 00000nam a2200000 4500
001 0267758
005 20240822101710.3
041 0 |a cze 
044 |a CZ 
245 1 0 |a 3 kapitoly o technickém plánování  |c Emanuel Hruška 
264 1 |a Praha  |b Prometheus  |c 1945